NBA Hall of Famers - Statistics

General Stats
  • This quiz has been taken 104 times
  • The average score is 65 of 119
Answer Stats
Inducted Answer Team Position % Correct
2025 Carmelo Anthony Knicks Small Forward
90%
2020 Kobe Bryant Lakers Shooting Guard
89%
2000 Isiah Thomas Pistons Point Guard
87%
2016 Shaquille O'Neal Lakers Center
87%
2025 Dwight Howard Magic Center
86%
2008 Hakeem Olajuwon Rockets Center
85%
2010 Karl Malone Jazz Power Forward
85%
2009 Michael Jordan Bulls Shooting Guard
85%
2010 Scottie Pippen Bulls Small Forward
85%
2011 Dennis Rodman Bulls Power Forward
83%
2001 Moses Malone Rockets Center
83%
2020 Tim Duncan Spurs Power Forward
83%
2020 Kevin Garnett Timberwolves Power Forward
82%
1998 Larry Bird Celtics Small Forward
82%
2009 David Robinson Spurs Center
80%
2023 Dirk Nowitzki Mavericks Power Forward
80%
2002 Magic Johnson Lakers Point Guard
80%
2018 Steve Nash Suns Point Guard
80%
2024 Vince Carter Raptors Shooting Guard
80%
2009 John Stockton Jazz Point Guard
79%
1995 Kareem Abdul-Jabbar Lakers Center
79%
2023 Tony Parker Spurs Point Guard
79%
2016 Allen Iverson 76ers Point Guard
77%
2021 Ben Wallace Pistons Center
77%
2018 Ray Allen Supersonics Shooting Guard
77%
1979 Wilt Chamberlain Warriors Center
77%
2023 Dwyane Wade Heat Shooting Guard
76%
2018 Jason Kidd Nets Point Guard
76%
2022 Manu Ginobili Spurs Shooting Guard
76%
2021 Chris Bosh Raptors Power Forward
75%
2010 Dennis Johnson Celtics Point Guard
75%
2010 Gus Johnson Bullets Power Forward
75%
1980 Oscar Robertson Kings Point Guard
75%
1971 Bob Cousy Celtics Point Guard
73%
2004 Clyde Drexler Trail Blazers Shooting Guard
73%
2013 Gary Payton Supersoniccs Point Guard
73%
1980 Jerry West Lakers Point Guard
73%
2021 Paul Pierce Celtics Small Forward
73%
1975 Bill Russell Celtics Center
72%
1993 Julius Erving Nets Small Forward
72%
2012 Reggie Miller Pacers Shooting Guard
72%
2006 Charles Barkley Suns Power Forward
70%
2015 Dikembe Mutombo Nuggets Centeer
70%
2006 Dominique Wilkins Hawks Small Forward
70%
2017 Tracy Mcgrady Magic Shooting Guard
70%
2016 Yao Ming Rockets Center
68%
2024 Chauncey Billups Pistons Point Guard
66%
2021 Chris Webber Kings Power Forward
66%
2003 James Worthy Lakers Small Forward
66%
1984 John Havlicek Celtics Small Forward
66%
2008 Patrick Ewing Knicks Center
66%
1989 Lenny Wilkins Hawks Point Guard
65%
1993 Bill Walton Trail Blazers Center
63%
1999 Kevin McHale Celtics Power Forward
63%
2023 Pau Gasol Lakers Power Forward
63%
1987 Pete Maravich Jazz Shooting Guard
63%
2003 Robert Parish Celtics Center
63%
2006 Joe Dumars Pistons Shooting Guard
62%
1971 Bob Pettit Hawks Power Forward
61%
1987 Rick Barry Warriors Small Forward
61%
1997 Alex English Nuggets Small Forward
59%
2014 Alonzo Mourning Heat Center
59%
1996 George Gervin Spurs Shooting Guard
59%
1988 Wes Unseld Bullets Center
59%
1977 Elgin Baylor Lakers Small Forward
58%
2018 Grant Hill Pistons Small Forward
58%
2022 Tim Hardaway Mavericks Point Guard
58%
1987 Walt Frazier Knicks Point Guard
58%
2013 Bernard King Knicks Small Forward
56%
1982 Willis Reed Knicks Center
56%
2019 Bobby Jones 76ers Power Forward
54%
1984 Sam Jones Celtics Shooting Guard
54%
2000 Bob McAdoo Clippers Center
52%
2011 Chris Mullin Warriors Small Forward
51%
2011 Artis Gilmore Bulls Center
49%
2024 Walter Davis Suns Small Forward
49%
1991 Dave Cowens Celtics Center
48%
2019 Sidney Moncrief Bucks Shooting Guard
46%
1990 Elvin Hayes Rockets Power Forward
45%
2008 Adrian Dantley Jazz Small Forward
44%
2015 Jo Jo White Celtics Point Guard
44%
2019 Vlade Divac Kings Center
44%
1985 Nate Thurmond Warriors Center
42%
1996 David Thompson Nuggets Shooting Guard
41%
1973 Dolph Schayes 76ers Power Forward
41%
1982 Hal Greer 76ers Shooting Guard
41%
1978 Paul Arizin Warriors Small Forward
41%
1990 Dave Bing Pistons Point Guard
39%
1991 Tiny Archibald Royals Point Guard
38%
2011 Arvydas Sabonis Trail Blazers Center
37%
1980 Jerry Lucas Royals Power Forward
37%
1992 Bob Lanier Pistons Center
34%
1993 Dan Issel Nuggets Center
34%
1990 Earl Monroe Knicks Shooting Guard
34%
2014 Mitch Richmond Kings Shooting guard
32%
2012 Ralph Sampson Rockets Center
31%
2018 Maurice Cheeks 76ers Point Guard
30%
2019 Jack Sikma Supersonics Center
28%
2021 Bob Dandridge Bucks Small Forward
25%
2019 Charles Cooper Celtics Small Forward
25%
2024 Michael Cooper Lakers Shooting Guard
25%
2021 Toni Kukoc Bulls Small Forward
25%
2022 Lou Hudson Hawks Shooting Guards
24%
2017 George McGinnis Pacers Power Forward
20%
2012 Jamaal Wilkes Lakers Small Forward
18%
2009 Jerry Sloan Bulls Shooting Guard
14%
1978 Cliff Hagan Hawks Small Forward
13%
2012 Mel Daniels Pacers Center
13%
2024 Dick Barnett Knicks Shooting Guard
11%
1978 Joe Fulks Warriors Power Forward
11%
2015 Louie Dampier Colonels Point Guard
8%
2019 Carl Braun Knicks Point Guard
7%
2014 Guy Rodgers Warriors Point Guard
6%
2004 Maurice Stoke Royals Power Forward
4%
1976 Tom Gola Warriors Shooting Guard
4%
2016 Zelmo Beaty Hawks Center
4%
1993 Dick McGuire Knicks Point Guard
1%
2013 Sarunas Marciulionis Warriors Shooting Guard
1%
1993 Calvin Muprhy Rockets Point Guard
0%
No matching quizzes found
Score Distribution
Percent of People with Each Score
Percentile by Number Answered
Your Score History
You have not taken this quiz